000 00784nam a22002177a 4500
005 20110816122752.0
008 110816t xxu||||| |||| 00| 0 eng d
010 _aENG-103511
020 _a9788179662762
_c60.00
035 _aEN-87044
037 _bDBAD/PUB
040 _aDPL
_bEng
082 _a793.73
100 _932849
_aPhillips,Charles
245 _aHow to think 50 puzzles for creative thinking /
_cby Charles Phillips
260 _aChennai
_bEmerald Publishers
_c2010
270 _a15A,First Floor,Casa Major Road Egmore,
_bChennai
_e60008
300 _a88p.
_c18cm (pbk)
942 _2ddc
_cEN
_mPHI
_h793.73
999 _c55733
_d55733